| 000 | 01756nam0a2200313 4500 | ||
|---|---|---|---|
| 001 | RU\NLR\BIBL_A\011498567 | ||
| 005 | 20240727041531.0 | ||
| 010 |
_a9785408038282 _d3000 экз. |
||
| 021 |
_aRU _b2017-71004 _95050 |
||
| 035 | _a(RuMoRGB)009398308 | ||
| 035 | _a(NLR Aleph) 011498567 | ||
| 090 |
_a11984643 _c11984643 |
||
| 100 | _a20171018d2018 y0rusy50 ca | ||
| 101 | 0 | _arus | |
| 102 | _aRU | ||
| 105 | _a||||zzzz0|||y | ||
| 200 | 1 |
_aГеография. 10 класс _f[составитель Е. А. Жижина] |
|
| 205 | _aИзд. 3-е | ||
| 210 |
_aМосква _cВАКО _d2018 |
||
| 215 |
_a95 с. _d20 |
||
| 225 | 2 | _aСоответствует ФГОС. Контрольно-измерительные материалы | |
| 606 |
_aКультура. Наука. Просвещение -- Народное образование. Педагогические науки -- Общеобразовательная школа. Школьная педагогика -- Российская Федерация -- Методика преподавания отдельных учебных предметов -- География -- Дидактика -- Проверка и оценка знаний -- Тесты успеваемости _2rubbk |
||
| 606 |
_aЭкономика. Экономические науки -- Экономическая география -- Мировое хозяйство -- Сборник заданий для средней общеобразовательной школы _2rubbk |
||
| 686 |
_aЧ426.43,6(2)-284,0 _2rubbk |
||
| 686 |
_aУ040я721-4 _2rubbk |
||
| 702 | 1 |
_aЖижина _bЕ. А. _gЕлена Александровна _4220 |
|
| 942 | _cBOOK | ||
| 980 | _aNBR | ||